000 00654cab a2200241 4500
001 ABS52634
008 090401t1995 xxu||||| |||| 00| 0 eng d
035 _a(Sirsi) u87630
041 _aeng
100 _aRose, M.
245 2 _aA motorway of means
260 _c1995
350 _a0
490 _aSurveyor
_v182(5329) 2 March 1995, 14-16(3)
520 _aDescribes the advanced traffic control system in Belfast on the M3 Lagan Bridge.
650 _aBELFAST
650 _aLAGAN BRIDGE
650 _aTRAFFIC CONTROL SYSTEMS
650 _aTRAFFIC MANAGEMENT
690 _aTRANSPORT AND COMMUNICATIONS
942 _n0
948 _c04/03/1997
999 _c55284
_d55284